| 000 | 00400nam a2200145Ia 4500 | ||
|---|---|---|---|
| 008 | 230917s9999||||xx |||||||||||||| ||und|| | ||
| 040 |
_e77345 _aMAIN |
||
| 041 | _aEnglish | ||
| 082 | _a342.541 B651H | ||
| 100 | _aBose, Manilal | ||
| 245 | 0 | _aHistorical and constitutional documents of North Eastern India: 1824-1973 | |
| 260 |
_aDelhi _bConcept Publishing _c1979 |
||
| 300 | _a378 p. | ||
| 942 | _cBK | ||
| 999 |
_c58794 _d58794 |
||